00395nam a22001337a 450000500170000000800410001704100130005808200120007110000120008324500420009526000660013730000330020365000250023620240807085428.0240807b |||||||| |||| 00| 0 eng d aEnglish  a349 SOU lEnglish aTransvaal Law Reports: Supreme Court  aGrahamstown, Cape Colony: bAfrican Book Company Ltd, c1903  blxxxiv, 882 pages; c25 cm.  aLegal practice bLaw